Statistiques concernant Mot mystérieux - Série 35

Cliquez ici pour prendre le quiz!

Statistiques générales

  • Ce quiz a été pris 63 fois
  • Le résultat moyen est 5 sur 10

Statistiques - réponses

IndicesMot% Correct
romaine - étrangère - honneur -legion
86%
laine- sainte- vigne- forêtvierge
78%
grandeurs - coup - douce - grainfolie
63%
crème - clé - boxe - capoteanglaise
57%
coup - café - Tom - déjeunerpouce
53%
analyse - chaud - bain - coupsang
49%
rouge - chemin - guerre - fercroix
45%
mineur - cale - course - comblefond
33%
corps - bain - jaune - portemaillot
29%
croc - bois - rond - cotonjambe
27%

Distribution des résultats

Percentile par nombre de réponses

% des personnes avec chaque résultat

Votre développement - résultats

Vous n’avez pas pris ce quiz